| 000 | 00449pab a2200169 454500 | ||
|---|---|---|---|
| 008 | 180718b2006 xxu||||| |||| 00| 0 eng d | ||
| 100 | _aMurthy, Y.K. | ||
| 245 | _aDesign engineering services in water resources development in India | ||
| 260 | _c2006 | ||
| 300 | _ap.3-18. | ||
| 362 | _aJul-Sep | ||
| 650 | _aWater resources management - India | ||
| 650 | _aWater resources management | ||
| 773 | _aBhagirath | ||
| 908 | _aN | ||
| 909 | _a75278 | ||
| 999 |
_c75278 _d75278 |
||